Wherever You Are Lyrics 5SOS - Statistics

General Stats
  • This quiz has been taken 80 times
  • The average score is 39 of 44
Answer Stats
Hint Answer % Correct
For a while we _______ pretended
97%
___, I can't stop thinking of you but
94%
But we knew we'd have to say _______ goodbye
94%
When they finally closed the ____ door plane
94%
_______ you are wherever
94%
_______ you are wherever
94%
________ you are wherever
94%
________ you are wherever
94%
Every night I _____ ___ you almost call
93%
___ you
93%
___ you
93%
___ you
93%
___ __ ___ it always will be you just to say
91%
And I know I shouldn't ___ __ tell you
91%
Maybe you've ______ _____ _ already moved on
90%
I could ____ hold it all inside barely
90%
_____ ____ I almost call you every night
90%
And _ ____ I shouldn't tell you I know
90%
That we ____ __ to end it never had
90%
But, I just can't ___ ______ of you stop thinking
90%
You ___ _____ at the airport were crying
90%
________ ___ are wherever you
90%
Just to say __ _____ ___ __ you it always will be
88%
____ in two torn
88%
Every night I almost ___ __ call you
87%
___ _ two torn in
87%
Just _ __ it always will be you to say
87%
But the ____ _ I don't want to know truth is
87%
_______ you ___ wherever are
87%
Wherever __ __ you are
87%
Wherever __ ___ you are
87%
But there's nothing that ______ _ compares to
85%
______ lasts forever nothing
85%
But, I just can't stop ______ _ __ thinking of you
85%
________ ___ ___ wherever you are
85%
___ _ ____ I shouldn't tell you and I know
82%
______ ____ the same nothing stays
82%
You can say we'll __ ________ be together
81%
_______ someday
81%
I could fly a ______ _____ thousand oceans
81%
What we had, so I ___ ____ walk alone
81%
So why can't I stop _______ ___ ___ feeling this way
78%
_ ___ I didn't have to be gone I wish
78%
___ __ ___ torn in two
75%
No matching quizzes found
Score Distribution
Percent of People with Each Score
Percentile by Number Answered
Your Score History
You have not taken this quiz